Loading...
| Social Science | 1 | 2 | 0 | 0 | 35 | 60 | 90.67 | 1 | 2 |
| History - American History | 0 | 2 | 0 | 0 | 20 | 100 | 117.50 | 0 | 0 |
| History - European History | 1 | 0 | 0 | 0 | 15 | 61 | 61.00 | 0 | 1 |
| Current Events | 0 | 1 | 0 | 0 | 10 | 93 | 93.00 | 0 | 0 |
| Literature - British Literature | 0 | 1 | 0 | 1 | 10 | 141 | 141.00 | 0 | 0 |
| History - Other History | 0 | 1 | 0 | 0 | 10 | 130 | 130.00 | 0 | 0 |
| History - World History | 0 | 1 | 0 | 0 | 10 | 94 | 94.00 | 1 | 1 |
| Beliefs | 0 | 1 | 0 | 0 | 10 | 86 | 86.00 | 0 | 1 |
| Auditory Arts | 0 | 1 | 1 | 0 | 5 | 88 | 88.00 | 1 | 1 |
| Philosophy | 0 | 0 | 0 | 0 | 0 | 0.00 | 0 | 0 | |
| Science - Physics | 0 | 0 | 0 | 0 | 0 | 0.00 | 0 | 0 | |
| Literature - American Literature | 0 | 0 | 0 | 0 | 0 | 0.00 | 0 | 0 | |
| Visual Arts | 0 | 0 | 0 | 0 | 0 | 0.00 | 0 | 0 |